00454nam a22001217a 4500020001600000082001000016100003300026245014200059260003700201300003000238650003800268700002600306 qHard Cover. a624.1 aMuhammad Naveed Aslam Metla. a A Study of Partial Replacements of Fine Aggregates and Cement in Self-Consolidating Cementitious Systems /cMuhammad Naveed Aslam Metla. aIslamabad :bNICE - NUST,c2014. axv, 86 p. : ill. ;c30cm. aMS Thesis Structural Engineering. aProf. Dr. Ali Rizwan.